00643nai a2200169Ia 4500003000900000008004100009022002200050022002300072040001600095245004000111260008600151310001300237362002500250521006900275650003900344856009000383IN-BaIIA211028c9999 xx s 000 0 eng d a1527-3342 (Print) a1557-9581 (Online) cIIA Library 0aIEEE Microwave Magazineh[eJournal] aNew York, USAbThe Institute of Electrical and Electronics Engineers, Inc. (IEEE) aAnnually a1(1); 2000 - Present bSubscribed through National Knowledge Resource Consortium (NKRC) aFields, Waves and Electromagnetics uhttps://ieeexplore.ieee.org/servlet/opac?punumber=6668yClick Here to Access eJournal